000 00870nac a22002777a 4500
001 BR7316203
003 BR-BrBNA
005 20240105113654.0
008 230509b bl.|||m| |||| 00| 0 por d
040 _aBR-BrBNA
_bpor
_cBiblioteca Nacional de Agricultura
072 _aH20
090 _a0210 BR7316203
100 1 _aDantas, B.
110 1 _aInstituto Agronomico do Nordeste, Recife, PE (Brasil)
_95625
245 1 _aA terapeutica das sarnas da batatinha pelos derivados organicos de mercurio
260 3 _aRecife, PE (Brasil):
_c1954.
300 _a16 p.
490 _aCircular - Instituto agronomico do Nordeste (Brazil)
_vno. 1
_x
500 _a11 ref.; Summary (En)
650 _aBATATA
650 _aSARNA DE PLANTA
650 _aCONTROLE QUIMICO
650 _aMERCURIO
909 _a202312
_bLúcia Elande
_c55
_dLúcia Elande
942 _2AGRIS
_n0
_cMS
999 _c264914
_d264914